The Clues are in German - Literature - Statistics

General Stats
  • This quiz has been taken 90 times
  • The average score is 11 of 16
Answer Stats
Hint Answer % Correct
Welcher von Mary Shelly geschriebene Horrorroman heißt im Untertitel "Der moderne Prometheus"? Frankenstein
93%
Wer kommt aus dem Nimmerland und verfütterte Kapitän Hooks Hand an ein Krokodil? Peter Pan
93%
Welche Shakespeare-Figur sagt: "Et tu, Brute"? Julius Caesar
91%
In welchem Staate ist laut Hamlet etwas faul? Dänemark
85%
Welche englische Autorin schrieb Liebesromane wie "Sinn und Sinnlichkeit"? Jane Austen
85%
Welchen Weißen Wal jagt Kapitän Ahab? Moby Dick
85%
Welcher "Ritter" aus La Mancha glaubt gegen Windmühlen zu kämpfen? Don Quijote
73%
Die Geschichte welchen Doktors verarbeiteten Marlowe, Goethe und Mann? Faust
62%
Welcher auch als Gabo bekannte argentinische Autor schrieb "Hundert Jahre Einsamkeit"? Gabriel García Márquez
61%
Joseph Conrad schrieb über den Kongo, Coppola machte daraus "Apocalypse Now" Herz der Finsternis
57%
Die Veden, in Sanskrit verfasste heilige Texte, stammen aus welchem Land? Indien
57%
Welcher französische Philosoph des Existenzialismus lehnte 1964 den Nobelpreis ab? Jean-Paul Sartre
55%
Welcher Homerische Held ist auch als Ulysses bekannt? Odysseus
54%
Wer ist neben Aramis und Porthos Teil der Drei Musketiere? Athos
43%
Welcher Science Fiction-Autor formulierte die drei Robotergesetze? Isaac Asimov
43%
Aus Brechts "Moritat von Mackie Messer" wurde dieser u.a. von Bobby Darin gesungene Jazz-Standard Mack the Knife
22%
No matching quizzes found
Score Distribution
Percent of People with Each Score
Percentile by Number Answered
Your Score History
You have not taken this quiz